000 00374nam a2200145Ia 4500
008 150201s2013 xx 000 0 und d
082 _a616.01
_bL13H
100 _aHARVEY, RICHARD A.
245 _aLIPPINCOTT,S ILLISTRATED REVIEWS MICROBIOLOGY
250 _a3RD
260 _bWOLTERS KLUWER
_aINDIA
_c2013
300 _a1-438
650 _aMICROBIOLOGY
942 _2ddc
_cBK
_06
999 _c1799
_d1799